Marvel Characters by Hands Quiz Stats

 Plays Quiz Updated Feb 26, 2013

Challenge
Share
Tweet
Score 0/15 Timer 04:00
15 Plays Today
% Correct
Wolverine
97.4%
Spider-man
93.8%
The Thing
87.6%
Silver Surfer
84.4%
Human Torch
72.3%
Hawkeye
70.4%
Thor
69.8%
Dr Doom
65.9%
% Correct
She-Hulk
60.3%
Colossus
53.3%
Iron Man
43.1%
Nightcrawler
40.3%
Captain America
38.5%
Namor
38.3%
Daredevil
36%

You're not logged in!

Compare scores with friends on all Sporcle quizzes.
Join for Free
OR
Log In

You Might Also Like...

Show Comments

Extras

Top Quizzes Today


Score Distribution

Your Account Isn't Verified!

In order to create a playlist on Sporcle, you need to verify the email address you used during registration. Go to your Sporcle Settings to finish the process.

Report this User

Report this user for behavior that violates our Community Guidelines.

Details: